00469nam a22001337a 4500082001500000245009900015260002400114300002100138526003700159650001300196942001200209999001900221952009500240 a629.4bNAT aThe study on national transport plan in the Islamic Republic of Pakistan: Final report summary bA. C. P. C. Ic1995 aVarious Paging,; a0b0c0d629_400000000000000_NAT aMCE9379 2ddccBK c550677d550677 00102ddc4070aMCEbMCEd2014-11-19l0o629.4 NATpMCE-29644r2014-11-19w2014-11-19yBK